000 00859nam a22001457a 4500
008 110707t xxu||||| |||| 00| 0 eng d
010 _aC DOC F-140
245 _aThe High Court Msc. Application No. 38 of 2000 Arising from Buganda Road Court Criminal Case No.277 of 2000 Stephen Kasalirwe Vs Uganda
260 _c2000
999 _c4608
_d4608